Villes du monde par lettre - D - Statistiques

Statistiques générales
  • Ce quiz a été pris 102 fois
    31 depuis la dernière actualisation
  • Le résultat moyen est 13 sur 20
Statistiques - réponses
Hint Réponse % Correct
On peut y visiter le Jatiya Sangsad Bhaban, monument de cette capitale d'Asie Dacca
100%
Connue pour sa fameuse moutarde Dijon
100%
Ville la plus peuplée d'Inde (New) {Delhi}
100%
Est historiquement l'arrivée d'un prestigieux rallye commençant à Paris Dakar
97%
Considérée comme la "Capitale des influenceurs" Dubaï
97%
Capitale de l'Afrique de l'est d'un pays du même nom Djibouti
93%
C'est là que siège le gouvernement Qatari Doha
86%
Plus grande ville du Colorado, elle possède un des plus grands zoos des U.S. Denver
83%
"Baile Átha Cliath" en language local de l'Eire Dublin
79%
Anciennement la capitale de la Tanzanie Dar Es Salam
76%
Ville opposée à Munich dans la bundesliga Dortmund
69%
Ville Ukrainienne fortement convoitée par leur voisin Donetsk
62%
Bien que l'eau soit glaciale, vous pouvez vous baigner à Malo-les-Bains dans cette ville Dunkerque
55%
Capitale du Tadjikistan Douchanbé
52%
La cité fortifiée de l'Adriatique Dubrovnik
52%
Capitale de l'Etat de l'Iowa, elle fut construite sur le fleuve Raccoon Des { Moines }
48%
Troisième plus vieille ville du monde encore habitée Damas
38%
Nommée par rapport à un célèbre ami naturaliste du bâtisseur de la ville Darwin
31%
Ville principale de l'Île de Man Douglas
17%
Ville où s'est déroulée l'"Opération Jubilee" le 19 août 1942 Dieppe
14%
Aucun quiz correspondant
Distribution des résultats
% des personnes avec chaque résultat
Percentile par nombre de réponses
Votre historique - résultats
Vous n’avez pas pris ce quiz depuis la dernière actualisation